• 首页
  • 本馆介绍
  • 公告通知
  • 最新文献
  • 馆藏检索
  • 电子资源
  • 读者导购
  • 参考咨询
  • 我的图书馆
  • 登录
  • 详细信息显示
  • 放入我的书架
  • 预约/预借图书
  • 作者相关作品
  • 分类相关作品
  • 丛书相关作品
  • 出版社相关作品

书目信息

  • 表格格式
  • 工作单格式
  • 卡片格式
题名:
内科护理技术
    
 
作者: 余珊 , 任辉 主编
分册:  
出版信息: 北京   人民卫生出版社  2012.1
页数: 12, 307页
开本: 26cm
丛书名: 临床护理技术图解丛书
单 册:
中图分类: R473.5-64
科图分类:
主题词: 内科学--护理学--图解
电子资源:
ISBN: 978-7-117-14827-6
000 00971oam2 2200277 45
001 1360105343
005 20130530154546.90
010    @a978-7-117-14827-6@dCNY99.00
100    @a20130513d2012 em y0chiy0121 ea
101 0  @achi
102    @aCN@b110000
105    @aak a 000yy
106    @ar
200 1  @a内科护理技术@ANei Ke Hu Li Ji Shu@f任辉, 余珊主编@FRen Hui , Yu Shan Zhu Bian
210    @a北京@c人民卫生出版社@d2012.1
215    @a12, 307页@c彩图@d26cm
225 2  @a临床护理技术图解丛书
320    @a有书目
330    @a本书共分9章, 利用300余幅实景照片, 对内科各系统涉及的诊疗护理技术操作进行了讲解。内容包括: 呼吸系统疾病护理技术、消化系统疾病护理技术、循环系统疾病护理技术、血液系统疾病护理技术等。
461  0 @12001 @a临床护理技术图解丛书
606 0  @a内科学@x护理学@j图解
690    @aR473.5-64@v5
701  0 @a余珊@AYu Shan@4主编
701  0 @a任辉@ARen Hui@4主编
801    @aCN@bTANGWEI@c20130523
905    @b0834353-55@dR473.5-64@e87@f3
    
    内科护理技术/任辉, 余珊主编.-北京:人民卫生出版社,2012.1
    12, 307页:彩图;26cm.-(临床护理技术图解丛书)
    
    
    ISBN 978-7-117-14827-6:CNY99.00
    本书共分9章, 利用300余幅实景照片, 对内科各系统涉及的诊疗护理技术操作进行了讲解。内容包括: 呼吸系统疾病护理技术、消化系统疾病护理技术、循环系统疾病护理技术、血液系统疾病护理技术等。
●
相关链接 在E读中查询图书 在五车中查询图书 在当当中查询图书 在豆瓣中查询图书


正题名:内科护理技术     索取号:R473.5-64/87         预约/预借

序号 登录号 条形码 馆藏地/架位号 状态 备注
1 0834353   208343531   第二样本阅览室/ [索取号:R473.5-64/87] 在馆    
2 0834354   208343540   教育系资料室/ [索取号:R473.5-64/87] 在馆    
3 0834355   208343559   第三借阅区/ [索取号:R473.5-64/87] 在馆    
唐山师范学院图书馆 欢迎您!
大连网信软件有限公司© 版权所有